[Event "Titled Tue 17th Jun Early"]
[Site "chess.com INT"]
[Date "2025.06.17"]
[Round "9"]
[White "Mora Munoz, Alejandro"]
[Black "Shukhman, Anna"]
[Result "0-1"]
[WhiteTitle "FM"]
[BlackTitle "WGM"]
[WhiteElo "2147"]
[BlackElo "2413"]
[WhiteFideId "4469844"]
[BlackFideId "54180058"]
[EventDate "2025.06.17"]

1. e4 c5 2. Nf3 d6 3. d4 cxd4 4. Nxd4 Nf6 5. Nc3 g6 6. Be3 Nc6 7. f3 h5 8. Bb5
Bd7 9. Qd3 a6 10. Ba4 b5 11. Bb3 Ne5 12. Qe2 Rc8 13. O-O Bg7 14. Rad1 Nc4 15.
Bxc4 Rxc4 16. Kh1 O-O 17. Nd5 Nxd5 18. exd5 Qa5 19. a3 Rfc8 20. c3 Qc7 21. Rd2
a5 22. Re1 b4 23. cxb4 axb4 24. Nc6 Rxc6 25. dxc6 Qxc6 26. axb4 Rb8 27. Rc2 Qa4
28. Rc7 Rxb4 29. Qc2 Qb5 30. Bg1 Rxb2 31. Qe4 Bf6 32. Qa8+ Kg7 33. Qa7 Qg5 34.
Bf2 Be6 35. Qe3 Qa5 36. Rcc1 d5 37. Qc5 Qa2 38. Ra1 Qc4 39. Qxc4 dxc4 40. Be3
Bd5 41. Rac1 h4 42. h3 c3 43. Red1 Bb3 44. Rd7 c2 45. Rc7 Rb1 46. f4 Bb2 47.
Rxc2 Bxc2 48. Rxb1 Bxb1 49. Kg1 e5 50. Kf2 exf4 51. Bxf4 Bf5 52. Bg5 Bf6 53. Bd2
Bd4+ 54. Kf3 Kf6 55. Ba5 Kg5 56. Bd8+ f6 57. Bc7 Be5 58. Bb6 Be6 59. Be3+ Kf5
60. Bf2 Bd5+ 61. Ke2 g5 62. Be1 Bxg2 0-1

[Event "Titled Tue 17th Jun Early"]
[Site "chess.com INT"]
[Date "2025.06.17"]
[Round "9"]
[White "Li, Eric 2007"]
[Black "Carroll, Thomas"]
[Result "0-1"]
[WhiteTitle "IM"]
[WhiteElo "2372"]
[BlackElo "2131"]
[WhiteFideId "30939941"]
[BlackFideId "450111"]
[EventDate "2025.06.17"]

1. d4 d5 2. c4 c6 3. Nf3 Nf6 4. Nc3 Bf5 5. Qb3 Qb6 6. cxd5 Qxb3 7. axb3 Nxd5 8.
e4 Nxc3 9. exf5 Nd5 10. Ne5 Nd7 11. Bc4 e6 12. fxe6 fxe6 13. O-O Nxe5 14. dxe5
Bc5 15. g3 O-O-O 16. Kg2 b5 17. Be2 Bd4 18. Bg4 Rhe8 19. Re1 Kb7 20. Re2 Nb4 21.
Bg5 Rd7 22. Rd1 h6 23. Be3 c5 24. Red2 Nc6 25. Bf3 Red8 26. b4 Kc7 27. bxc5 Bxe3
28. Rd6 Nxe5 29. fxe3 Nxf3 30. Kxf3 Rxd6 31. cxd6+ Rxd6 32. Rc1+ Rc6 33. Ra1 a6
34. h4 Kb6 35. Rd1 Kc5 36. Rd7 Kb4 37. Rxg7 a5 38. Rg6 a4 39. Rxh6 Kb3 40. Rh5
Rb6 41. Rh8 Kxb2 42. Ra8 a3 43. h5 a2 44. g4 a1=Q 45. Rxa1 Kxa1 46. g5 b4 47. h6
b3 48. h7 Rb8 49. g6 b2 50. g7 b1=Q 51. h8=Q Qf5+ 52. Kg2 Rb2+ 53. Kg3 Qg5+ 54.
Kf3 Qf5+ 55. Kg3 Qe5+ 56. Kf3 Qd5+ 57. Kg3 Qg2+ 58. Kf4 Rb4+ 59. Ke5 Qd5+ 60.
Kf6 Qf5+ 61. Ke7 Rb7+ 62. Kd6 Qd5# 0-1

[Event "Titled Tue 17th Jun Early"]
[Site "chess.com INT"]
[Date "2025.06.17"]
[Round "9"]
[White "Buyankhishig, Batpelden"]
[Black "Uzuner, Tufan Can"]
[Result "1/2-1/2"]
[WhiteTitle "WFM"]
[BlackTitle "CM"]
[WhiteElo "2015"]
[BlackElo "1909"]
[WhiteFideId "4923537"]
[BlackFideId "6300499"]
[EventDate "2025.06.17"]

1. d4 d5 2. c4 c6 3. Nf3 Nf6 4. Nc3 a6 5. g3 dxc4 6. Bg2 b5 7. O-O Bb7 8. Ne5 e6
9. a4 Nd5 10. e4 Nxc3 11. bxc3 Nd7 12. f4 Be7 13. Qh5 O-O 14. Ba3 c5 15. Nxd7
Qxd7 16. Bxc5 g6 17. Qe2 Bxc5 18. dxc5 Qc7 19. Qe3 Rac8 20. axb5 axb5 21. Ra7
Qb8 22. Rfa1 Rfd8 23. f5 exf5 24. exf5 Bxg2 25. Kxg2 Re8 26. Qf3 Rc7 27. Ra8 Qc8
28. Rxc8 Rexc8 29. fxg6 hxg6 30. Rf1 Re7 31. c6 Rcc7 32. Rb1 Re6 33. Rxb5 Rexc6
34. Rb8+ Kg7 35. Qe4 Rf6 36. Qe5 Rc6 37. g4 Re6 38. Qd4 Rd6 39. Qe5 Re6 40. Qg3
Re2+ 41. Kh3 Rfe6 42. Rc8 R6e3 43. Rxc4 Rxg3+ 44. Kxg3 Rc2 45. Rc7 g5 46. c4
Rc3+ 47. Kg2 Kf6 48. c5 Ke6 49. c6 f6 50. Rc8 Kd6 51. Rf8 Ke7 52. Rc8 Kd6 53.
Rf8 Ke7 54. Rc8 Kd6 1/2-1/2

[Event "Titled Tue 17th Jun Early"]
[Site "chess.com INT"]
[Date "2025.06.17"]
[Round "9"]
[White "Aalto, Patrik"]
[Black "Ai, Evan"]
[Result "0-1"]
[WhiteTitle "FM"]
[WhiteElo "2316"]
[BlackElo "2188"]
[WhiteFideId "510726"]
[BlackFideId "2094770"]
[EventDate "2025.06.17"]

1. c4 e6 2. Nf3 d5 3. g3 Nf6 4. Bg2 dxc4 5. Qa4+ Bd7 6. Qxc4 Bd6 7. d4 a6 8. O-O
Bb5 9. Qc2 Bc6 10. Nc3 O-O 11. e4 Bb4 12. Re1 Nbd7 13. a3 Bxc3 14. bxc3 b5 15.
c4 bxc4 16. e5 Nd5 17. Qxc4 Bb5 18. Qc2 c5 19. Ng5 g6 20. Bxd5 exd5 21. e6 fxe6
22. Nxe6 Qf6 23. Nxf8 Rxf8 24. Bh6 Rc8 25. Qd2 cxd4 26. Qg5 Qxg5 27. Bxg5 d3 28.
Re7 Nc5 29. Bf6 Rc6 30. Be5 Ba4 31. Bf4 Ne4 32. Rb1 Rc8 33. Rbb7 d2 34. Rg7+ Kf8
35. Rgf7+ Ke8 36. Bxd2 Nxd2 37. Rxh7 Kd8 38. Rh8+ Be8 39. Rg7 Ne4 40. Rxg6 Rc1+
41. Kg2 Rc2 42. Rgg8 Nf6 43. Rf8 Rc6 44. h4 Ke7 45. h5 d4 46. h6 d3 47. h7 Rc8
48. Rhg8 Nxh7 49. Rxe8+ Rxe8 50. Rg7+ Kd8 51. Rxh7 d2 52. Rh1 Re1 53. Rh8+ Kd7
54. Rh7+ Kc6 55. Rh6+ Kd5 56. Rh8 d1=Q 57. Rd8+ Ke6 58. Rxd1 Rxd1 59. Kf3 Ra1
60. Kf4 Rxa3 61. g4 Kf6 62. g5+ Kg6 63. Kg4 Ra4+ 64. f4 Rb4 65. Kg3 Kf5 0-1

[Event "Titled Tue 17th Jun Early"]
[Site "chess.com INT"]
[Date "2025.06.17"]
[Round "9"]
[White "Rubes, Jan"]
[Black "Emeliantsev, Anatoliy"]
[Result "1-0"]
[WhiteTitle "IM"]
[BlackTitle "FM"]
[WhiteElo "2426"]
[BlackElo "2359"]
[WhiteFideId "338176"]
[BlackFideId "4160681"]
[EventDate "2025.06.17"]

1. e4 c5 2. Nf3 Nc6 3. Bb5 e6 4. O-O Nge7 5. Re1 a6 6. Bf1 Ng6 7. d4 cxd4 8.
Nxd4 Be7 9. c4 Nxd4 10. Qxd4 O-O 11. Nc3 Qc7 12. Be3 d6 13. Rac1 Bd7 14. g3 Bc6
15. Bg2 Rac8 16. Nd5 Bxd5 17. cxd5 Qd7 18. dxe6 Qxe6 19. b3 Ne5 20. h3 Kh8 21.
f4 Nc6 22. Qb6 Qd7 23. Red1 Qc7 24. Qxc7 Rxc7 25. Rc2 Rcc8 26. Rdc1 Rce8 27. a3
Bf6 28. Rd1 Be7 29. g4 Rc8 30. Rdc1 Rce8 31. Kf2 f6 32. h4 h6 33. h5 Kh7 34. Bf1
g6 35. hxg6+ Kxg6 36. Bd3 Kg7 37. Rh1 Bd8 38. Kf3 Na5 39. b4 Nc6 40. Rch2 Rh8
41. Bc4 Ne7 42. Be6 Ng6 43. Bd5 Re7 44. f5 Ne5+ 45. Kg3 Rc7 46. Bxh6+ Rxh6 47.
Rxh6 Rc3+ 48. Kf2 Nxg4+ 49. Ke2 Nxh6 50. Kd2 Rxa3 51. Rg1+ Kf8 52. Rh1 Ng4 53.
Rh8+ Kg7 54. Rg8+ Kh6 55. Rxd8 Ne5 56. Rxd6 Ra4 57. Rxf6+ 1-0

[Event "Titled Tue 17th Jun Early"]
[Site "chess.com INT"]
[Date "2025.06.17"]
[Round "9"]
[White "Martic, Ivan SRB"]
[Black "Kislinsky, Alexey"]
[Result "1-0"]
[WhiteTitle "FM"]
[BlackTitle "GM"]
[WhiteElo "2270"]
[BlackElo "2341"]
[WhiteFideId "929301"]
[BlackFideId "14108801"]
[EventDate "2025.06.17"]

1. e4 c5 2. Nf3 Nc6 3. d4 cxd4 4. Nxd4 e5 5. Nb5 d6 6. c4 a6 7. N5c3 Nf6 8. Bd3
Be7 9. O-O O-O 10. b3 Bg4 11. f3 Bh5 12. Be3 Bg6 13. Kh1 Rc8 14. a3 Nd7 15. Nd5
Bg5 16. Bg1 Nc5 17. Bc2 Ne6 18. Nb6 Rb8 19. Nc3 Ncd4 20. Ncd5 f5 21. exf5 Bxf5
22. Bxf5 Rxf5 23. Qd3 g6 24. Bxd4 Nxd4 25. f4 Bh6 26. fxe5 dxe5 27. Rxf5 Nxf5
28. Qe4 Qd6 29. c5 Qe6 30. Nd7 Rd8 31. N5f6+ Kh8 32. Qxb7 Bg7 33. c6 Bxf6 34.
Nxf6 Qxf6 35. c7 Rf8 36. c8=Q Rxc8 37. Qxc8+ Kg7 38. Qc7+ Kh6 39. Re1 Nd6 40.
Qc3 Nf7 41. Qe3+ Kg7 42. Qf3 Qe6 43. Rf1 e4 44. Qe3 Nd6 45. Qa7+ Kh6 46. Qxa6 e3
47. Qe2 Qxb3 48. Re1 Nf5 49. g4 Qd5+ 50. Qg2 Qa5 51. Rg1 Nd4 52. g5+ Kg7 53.
Qb7+ Kg8 54. Qc8+ Kf7 55. Qd7+ Kg8 56. Qxd4 Qa8+ 57. Rg2 e2 58. Qc4+ Kg7 59.
Qxe2 1-0

[Event "Titled Tue 17th Jun Early"]
[Site "chess.com INT"]
[Date "2025.06.17"]
[Round "9"]
[White "Sanhueza, Cristian"]
[Black "Sadubayev, Airat"]
[Result "0-1"]
[WhiteTitle "FM"]
[BlackTitle "FM"]
[WhiteElo "2213"]
[BlackElo "2211"]
[WhiteFideId "116815"]
[BlackFideId "13713264"]
[EventDate "2025.06.17"]

1. e4 c6 2. d4 d5 3. exd5 cxd5 4. c4 Nf6 5. Nc3 g6 6. Qb3 Bg7 7. cxd5 O-O 8. Be2
Nbd7 9. Bf3 Nb6 10. Nge2 Bg4 11. Bxg4 Nxg4 12. a4 a5 13. O-O Nf6 14. Nf4 Qd6 15.
Re1 Rfd8 16. Nb5 Qd7 17. Nc3 Nbxd5 18. Nfxd5 Nxd5 19. Nxd5 Qxd5 20. Qxd5 Rxd5
21. Rxe7 Rxd4 22. Be3 Rb4 23. Rd1 Bxb2 24. g3 Bf6 25. Rc7 Bd8 26. Rcd7 Bb6 27.
Bxb6 Rxb6 28. Rd8+ Rxd8 29. Rxd8+ Kg7 30. Ra8 Rb1+ 31. Kg2 b6 32. Kf3 Rb4 33.
Rb8 h5 34. h4 Kf6 35. Ke3 Ke6 36. Rb7 f6 37. Rb8 Ke5 38. Kd3 Kd5 39. Rd8+ Ke5
40. Rb8 Kf5 41. Ke3 Rb3+ 42. Ke2 Kg4 43. Rg8 Rb2+ 44. Ke3 Rb3+ 45. Ke2 g5 46.
hxg5 fxg5 47. Rg6 Kf5 48. Rg8 Rb4 49. Rb8 h4 50. gxh4 gxh4 51. Kf3 Rb3+ 52. Kg2
Rb4 53. Rb7 Ke5 54. Rb8 Kd5 55. Kh3 Kc6 56. Rc8+ Kd7 57. Rb8 Kc7 58. Rh8 Rxa4
59. Rxh4 Rxh4+ 60. Kxh4 a4 61. f4 a3 62. f5 a2 63. f6 a1=Q 0-1

[Event "Titled Tue 17th Jun Early"]
[Site "chess.com INT"]
[Date "2025.06.17"]
[Round "9"]
[White "Gunawardhana, Devindya Oshini"]
[Black "Shogdzhiev, Roman"]
[Result "0-1"]
[WhiteTitle "WIM"]
[BlackTitle "FM"]
[WhiteElo "2121"]
[BlackElo "2402"]
[WhiteFideId "29941482"]
[BlackFideId "55653537"]
[EventDate "2025.06.17"]

1. Nf3 Nf6 2. b3 d5 3. Bb2 g6 4. g3 Bg7 5. Bg2 O-O 6. O-O c5 7. e3 Nc6 8. d4 b6
9. Nbd2 Bb7 10. Qe2 Re8 11. Rfd1 Qc7 12. c4 cxd4 13. exd4 Rad8 14. Rac1 dxc4 15.
Qxc4 Qd7 16. Ng5 Nd5 17. Ndf3 h6 18. Ne4 Rc8 19. Qe2 Ncb4 20. a3 Ba6 21. Qd2 Nd3
22. Rxc8 Rxc8 23. Ne5 Bxe5 24. dxe5 Qf5 25. Qxh6 Nxb2 26. Ng5 e6 27. Be4 Qxg5
28. Qxg5 Nxd1 29. Bxd5 exd5 30. e6 Nc3 31. Qf6 fxe6 32. Qxg6+ Kf8 33. Qf6+ Kg8
34. Qxe6+ Kf8 35. Qd6+ Kf7 36. Qd7+ Kf6 37. Qxa7 Bd3 38. Qxb6+ Kf5 39. Qd6 Ne2+
40. Kg2 d4 41. Qd7+ Ke5 42. Qxc8 Nc3 43. Qc7+ Kd5 44. Qd7+ Kc5 45. b4+ Kc4 46.
Qc6+ Kb3 47. Qc5 Nb5 48. Qd5+ Bc4 49. Qc5 d3 50. a4 Nc3 0-1

[Event "Titled Tue 17th Jun Early"]
[Site "chess.com INT"]
[Date "2025.06.17"]
[Round "9"]
[White "Cramling Bellon, Anna"]
[Black "Sobek, Jaroslav"]
[Result "0-1"]
[WhiteTitle "WFM"]
[BlackTitle "FM"]
[WhiteElo "2046"]
[BlackElo "2195"]
[WhiteFideId "32009232"]
[BlackFideId "301388"]
[EventDate "2025.06.17"]

1. d4 d5 2. c4 dxc4 3. e3 e5 4. Bxc4 exd4 5. exd4 Nf6 6. Nf3 Bd6 7. O-O O-O 8.
Nc3 h6 9. h3 Nbd7 10. Be3 Nb6 11. Bd3 Be6 12. Rc1 c6 13. b3 Bc7 14. Ne5 Nbd5 15.
Na4 Nxe3 16. fxe3 Bxe5 17. dxe5 Nd5 18. Qf3 Qg5 19. Qe4 Qxe3+ 20. Kh2 Qxe4 21.
Bxe4 Rac8 22. Nc5 b6 23. Nb7 c5 24. Nd6 Rc7 25. Rfd1 Nb4 26. a3 Nc6 27. Bxc6
Rxc6 28. b4 g5 29. bxc5 bxc5 30. Rc3 Rb8 31. Rdc1 Rb2 32. Rxc5 Rxc5 33. Rxc5 Ra2
34. Ra5 Re2 35. Ne8 Kh7 36. a4 Kg6 37. Kg3 h5 38. Kf3 Re1 39. Kf2 Re4 40. Nd6
Rb4 41. Rxa7 Rb2+ 42. Kf1 Bd5 43. g3 Rb3 44. Ra6 Rf3+ 45. Ke1 Be6 46. a5 Rxg3
47. Nb7 Rxh3 48. Kf2 Ra3 49. Nd8 Kf5 50. Nc6 h4 51. Ra7 g4 52. a6 Ra2+ 53. Kg1
g3 54. Nd4+ Kxe5 55. Nf3+ Kf4 56. Nxh4 Kg4 57. Rb7 Kxh4 58. Rb4+ Kh3 59. Rb1
Rxa6 60. Re1 Ra5 61. Rd1 Ra2 62. Re1 Rg2+ 63. Kf1 Bc4+ 0-1

[Event "Titled Tue 17th Jun Early"]
[Site "chess.com INT"]
[Date "2025.06.17"]
[Round "9"]
[White "Gurel, Ediz"]
[Black "Niemann, Hans Moke"]
[Result "0-1"]
[WhiteTitle "GM"]
[BlackTitle "GM"]
[WhiteElo "2636"]
[BlackElo "2736"]
[WhiteFideId "44507356"]
[BlackFideId "2093596"]
[EventDate "2025.06.17"]

1. Nf3 d5 2. b3 Bf5 3. Bb2 e6 4. e3 h6 5. Be2 Nf6 6. O-O Be7 7. c4 O-O 8. d3 c5
9. cxd5 exd5 10. Nbd2 Nc6 11. a3 Rc8 12. d4 a5 13. dxc5 Bxc5 14. Bb5 Qe7 15. Qe2
Bd6 16. h3 Ne4 17. Rfd1 Bb8 18. Rac1 Qe6 19. Bxc6 bxc6 20. Nd4 Qd6 21. Nf1 Bg6
22. Qa6 Nc5 23. Qe2 Ne4 24. Qa6 Nc5 25. Qe2 Ne6 26. Qg4 Nxd4 27. Qxd4 f6 28. b4
axb4 29. axb4 Qe6 30. Qd2 Be4 31. Bd4 Rfe8 32. f3 Bg6 33. Qc3 Bd6 34. Ra1 Bh5
35. Ra7 Rb8 36. Rb1 Rec8 37. Rb2 Be8 38. Qd2 Rb5 39. Bc3 Rcb8 40. Ra6 Qc8 41.
Ra1 Qb7 42. Rab1 Bg6 43. e4 Rd8 44. Qe2 dxe4 45. fxe4 Qe7 46. Nd2 Bf4 47. Re1
Kh7 48. Nf3 Re8 49. Nd4 Rb6 50. Qf3 Be5 51. Nf5 Qc7 52. Rbe2 Rb5 53. Bd2 c5 54.
bxc5 Rxc5 55. Nh4 Bg3 56. Nxg6 Bxe1 57. Bf4 Qf7 58. Rxe1 Qxg6 59. Bg3 Rc6 60. e5
Rce6 61. exf6 Rxe1+ 62. Bxe1 Rxe1+ 63. Kf2 Re8 64. fxg7 Qxg7 65. Qf5+ Kh8 0-1

[Event "Titled Tue 17th Jun Early"]
[Site "chess.com INT"]
[Date "2025.06.17"]
[Round "9"]
[White "Svane, Rasmus"]
[Black "Sahib, Singh"]
[Result "0-1"]
[WhiteTitle "GM"]
[BlackTitle "FM"]
[WhiteElo "2626"]
[BlackElo "2407"]
[WhiteFideId "4657101"]
[BlackFideId "25618342"]
[EventDate "2025.06.17"]

1. Nf3 Nf6 2. g3 g6 3. Bg2 Bg7 4. O-O O-O 5. d4 d5 6. c4 c6 7. Qb3 dxc4 8. Qxc4
Be6 9. Qa4 Nbd7 10. Nc3 Nb6 11. Qc2 Nbd5 12. e4 Nxc3 13. bxc3 Qa5 14. Rd1 Rfd8
15. Bf4 Rac8 16. a4 h6 17. h4 Bg4 18. Rdb1 b6 19. Ne5 Be6 20. Bf1 Nh5 21. Nd3
Bc4 22. Be3 c5 23. Qb2 cxd4 24. cxd4 Bxd3 25. Bxd3 Qc3 26. Ba6 Qxb2 27. Rxb2 Rc3
28. e5 Nxg3 29. Bd2 Ne4 30. Bxc3 Nxc3 31. Ra3 Nd5 32. Rd3 Nf4 33. Rdd2 Ne6 34.
Kg2 Rxd4 35. Rxd4 Nxd4 36. f4 Ne6 37. Kf3 Nc5 38. Bb5 f6 39. e6 f5 40. Rd2 Kh7
41. Rd7 Bf6 42. Rxa7 Nxe6 43. Rb7 Bxh4 44. Rxb6 Nd4+ 45. Ke3 Nb3 46. Bc4 Na5 47.
Bd5 Kg7 48. Ke2 Bf6 49. Kd3 Bh4 50. Kd4 Bf2+ 51. Ke5 Bxb6 52. Ke6 Bc5 53. Kd7
Bd6 54. Bf3 Kf6 55. Ke8 Bxf4 56. Bd1 e5 57. Kd7 e4 58. Kd8 e3 59. Bf3 g5 60. Be2
g4 0-1

[Event "Titled Tue 17th Jun Early"]
[Site "chess.com INT"]
[Date "2025.06.17"]
[Round "9"]
[White "Lyakh, Vasiliy"]
[Black "Arslanov, Shamil"]
[Result "1-0"]
[BlackTitle "IM"]
[WhiteElo "2123"]
[BlackElo "2410"]
[WhiteFideId "14189828"]
[BlackFideId "4192826"]
[EventDate "2025.06.17"]

1. d4 e5 2. dxe5 d6 3. Nf3 Nc6 4. exd6 Bxd6 5. Nc3 Qe7 6. Nb5 Bc5 7. Bf4 Bb6 8.
e3 Nf6 9. Be2 a6 10. Nbd4 Bd7 11. O-O O-O-O 12. c3 Ne4 13. Bd3 g5 14. Bxe4 Qxe4
15. Bxg5 Rdg8 16. Bf4 Nxd4 17. cxd4 h5 18. h4 Bc6 19. Bg3 Rg4 20. Qb1 Qe7 21.
Qf5+ Kb8 22. Ne5 Rg7 23. Nxc6+ bxc6 24. Qe5 Qf8 25. Rac1 Rg6 26. Rc4 Rhg8 27.
Rfc1 Kb7 28. Qe4 Qe8 29. Qxe8 Rxe8 30. Kf1 f5 31. Ke2 Rg4 32. Kf3 Re6 33. b3
Reg6 34. a4 a5 35. R4c2 Re6 36. Rb2 Ka6 37. b4 axb4 38. Rxb4 Ka5 39. Rbc4 Rgg6
40. Ke2 Re4 41. Kf3 Rf6 42. Bf4 Ree6 43. Ke2 Rg6 44. g3 Ka6 45. Kd3 Kb7 46. Rb1
Ka6 47. Ra1 Rg7 48. a5 Ba7 49. Rac1 Rd7 50. Rxc6+ Rxc6 51. Rxc6+ Kb5 52. Rxc7
Rxc7 53. Bxc7 Kc6 54. Bd8 Kd5 55. Bb6 Bb8 56. a6 Kc6 57. a7 Kb7 58. axb8=Q+ Kxb8
59. Bc5 Kb7 60. e4 1-0

[Event "Titled Tue 17th Jun Early"]
[Site "chess.com INT"]
[Date "2025.06.17"]
[Round "9"]
[White "Li, Hui"]
[Black "Garcia Correa, Jose Ricardo"]
[Result "1-0"]
[WhiteTitle "CM"]
[BlackTitle "FM"]
[WhiteElo "2041"]
[BlackElo "2103"]
[WhiteFideId "15400310"]
[BlackFideId "5101832"]
[EventDate "2025.06.17"]

1. e4 e5 2. Nf3 Nc6 3. Bb5 a6 4. Ba4 Qf6 5. c3 Bc5 6. O-O b5 7. Bb3 Nge7 8. d3
h6 9. Be3 d6 10. a4 Rb8 11. axb5 axb5 12. Na3 O-O 13. Nc2 Ng6 14. Bd5 Nce7 15.
Ba2 Nf4 16. b4 Bb6 17. Kh1 Bg4 18. Bxb6 Rxb6 19. Ne3 Bd7 20. d4 Neg6 21. Nd5
Nxd5 22. Bxd5 Nf4 23. Ne1 c6 24. Bb3 Be6 25. Bxe6 fxe6 26. Nd3 exd4 27. Nxf4
Qxf4 28. Qxd4 Rbb8 29. Rad1 Rbd8 30. f3 d5 31. Rfe1 e5 32. Qe3 Qxe3 33. Rxe3
dxe4 34. Rxd8 Rxd8 35. h4 exf3 36. Rxe5 fxg2+ 37. Kxg2 Rd3 38. Rc5 Rd6 39. c4
bxc4 40. Rxc4 Kf7 41. Kg3 Kg6 42. Rc5 Kf6 43. b5 cxb5 44. Rxb5 Re6 45. Kf4 Ra6
46. Rb4 Re6 47. Kg4 Kg6 48. Rb5 Re4+ 49. Kg3 Ra4 50. Rc5 Kf6 51. Rb5 Kg6 52. Rc5
h5 53. Rg5+ Kh6 54. Rb5 Rg4+ 55. Kh3 g6 56. Rb8 Ra4 57. Rb7 Ra3+ 58. Kg2 Rc3 59.
Ra7 Rd3 60. Rb7 Rd4 61. Kg3 Rg4+ 62. Kh3 Rf4 63. Ra7 Rf5 64. Kg3 Rd5 65. Rb7 Ra5
66. Rc7 Ra4 67. Rb7 Ra3+ 68. Kg2 Re3 69. Ra7 Rd3 70. Rb7 Rc3 71. Ra7 Ra3 72.
Rxa3 g5 73. Ra6+ 1-0

[Event "Titled Tue 17th Jun Early"]
[Site "chess.com INT"]
[Date "2025.06.17"]
[Round "9"]
[White "Sarkar, Justin"]
[Black "Tarnowska, Aleksandra"]
[Result "1-0"]
[WhiteTitle "IM"]
[BlackTitle "WCM"]
[WhiteElo "2284"]
[BlackElo "1882"]
[WhiteFideId "2010011"]
[BlackFideId "1180967"]
[EventDate "2025.06.17"]

1. d4 d5 2. c4 e6 3. Nf3 Nf6 4. Nc3 Be7 5. Bg5 O-O 6. e3 h6 7. Bh4 b6 8. g4 Bb7
9. Rg1 Ne4 10. Bxe7 Qxe7 11. h4 dxc4 12. Nxe4 Bxe4 13. Nd2 Bd3 14. Bxd3 cxd3 15.
g5 g6 16. h5 hxg5 17. hxg6 fxg6 18. Qg4 Qf6 19. O-O-O Na6 20. Ne4 Qf5 21. Rxd3
c5 22. dxc5 Nxc5 23. Nxc5 bxc5 24. Rd2 Rad8 25. Rxd8 Rxd8 26. Qxg5 Kf7 27. Qxf5+
exf5 28. Rd1 Rxd1+ 29. Kxd1 Ke6 30. Kd2 Kd5 31. Kd3 g5 32. b3 a5 33. a3 g4 34.
a4 Ke5 35. Kc4 Ke4 36. Kxc5 Kf3 37. b4 axb4 38. Kxb4 Kxf2 39. a5 g3 40. a6 g2
41. a7 g1=Q 42. a8=Q Qe1+ 43. Kc4 Qxe3 44. Qf8 Qe4+ 45. Kb5 f4 46. Ka6 Qe3 47.
Kb7 f3 48. Qf7 Ke1 49. Qf6 f2 50. Qa1+ Ke2 51. Qb2+ Qd2 52. Qb5+ Ke3 53. Qg5+
Kd3 54. Qd5+ Kc2 55. Qa2+ Kd1 56. Qb1+ Qc1 57. Qd3+ Qd2 58. Qb1+ Ke2 59. Qe4+
Kf1 60. Qh1+ Ke2 61. Qe4+ Qe3 62. Qc2+ Kf3 63. Qf5+ 1-0

[Event "Titled Tue 17th Jun Early"]
[Site "chess.com INT"]
[Date "2025.06.17"]
[Round "9"]
[White "Bharath, Subramaniyam H"]
[Black "Ilinca, Felix-Antonio"]
[Result "1-0"]
[WhiteTitle "GM"]
[BlackTitle "IM"]
[WhiteElo "2558"]
[BlackElo "2431"]
[WhiteFideId "46634827"]
[BlackFideId "54764998"]
[EventDate "2025.06.17"]

1. c4 c6 2. d4 d5 3. cxd5 cxd5 4. Bf4 Nf6 5. e3 Nc6 6. Nc3 a6 7. Bd3 Bg4 8. Qb3
Na5 9. Qc2 Rc8 10. h3 Bh5 11. Qa4+ Nc6 12. Nf3 Bxf3 13. gxf3 e6 14. Rg1 g6 15.
Be5 Bg7 16. f4 O-O 17. Ke2 Nh5 18. Bxg7 Kxg7 19. Rg4 Nf6 20. Rg2 Qb6 21. Qb3
Qxb3 22. axb3 Kh8 23. Rgg1 Nd7 24. Rgc1 Nb4 25. Ra4 Nc6 26. Kd2 Kg7 27. Na2 Nb6
28. Ra3 Kf6 29. b4 Na7 30. Rc5 Nd7 31. Rcc3 Ke7 32. Nc1 Nb6 33. Nb3 Nc4+ 34.
Bxc4 dxc4 35. Nc5 Nb5 36. Nxb7 Nxa3 37. bxa3 Rg8 38. Nc5 Ra8 39. Rxc4 g5 40.
fxg5 Rxg5 41. Ne4 Rh5 42. Rc7+ Kf8 43. Nd6 Rxh3 44. Rxf7+ Kg8 45. Re7 Rh2 46.
Ne4 h5 47. Rxe6 h4 48. Kd3 Rh1 49. Rg6+ Kh7 50. Rg4 h3 51. Nf6+ Kh6 52. Ke4 Rf1
53. f4 Rf8 54. Rh4+ Kg6 55. Nd7 Re8+ 56. Ne5+ Kf6 57. Rxh3 Ra1 58. Rh6+ Kg7 59.
Rxa6 Rc8 60. f5 Rc3 61. f6+ Kh6 62. f7+ Kg7 63. Rg6+ 1-0

[Event "Titled Tue 17th Jun Early"]
[Site "chess.com INT"]
[Date "2025.06.17"]
[Round "9"]
[White "Ghosh, Chanchal Kumer"]
[Black "Guliev, Gasan"]
[Result "1/2-1/2"]
[WhiteTitle "CM"]
[BlackTitle "CM"]
[WhiteElo "2018"]
[BlackElo "2123"]
[WhiteFideId "10201858"]
[BlackFideId "34165638"]
[EventDate "2025.06.17"]

1. e4 c5 2. Nf3 Nc6 3. d4 cxd4 4. Nxd4 Nf6 5. Nc3 e5 6. Ndb5 d6 7. Bg5 a6 8.
Bxf6 gxf6 9. Na3 d5 10. exd5 Bxa3 11. dxc6 Bxb2 12. Qxd8+ Kxd8 13. Rd1+ Kc7 14.
Nd5+ Kxc6 15. c3 Be6 16. Bc4 Kc5 17. Bb3 Rad8 18. Nxf6 Bxc3+ 19. Ke2 Bxb3 20.
axb3 Kb4 21. Ne4 Bd4 22. g4 b5 23. Rd3 Rc8 24. Rhd1 h5 25. g5 Rc2+ 26. R1d2 Rhc8
27. f4 Rxd2+ 28. Kxd2 a5 29. f5 a4 30. bxa4 bxa4 31. Nd6 Rc7 32. g6 fxg6 33.
fxg6 a3 34. Rxa3 Rd7 35. Ra6 Bc5 36. g7 Rxg7 37. Ne4 Bd4 38. Kd3 Rg2 39. Rh6
Rxh2 40. Nd6 h4 41. Ke4 h3 42. Nf5 Re2+ 43. Kd3 Rh2 44. Ke4 Rh1 45. Ng3 Re1+ 46.
Kf3 Re3+ 47. Kg4 Bc5 48. Rxh3 e4 49. Nf5 Rxh3 50. Kxh3 Kc3 51. Kg2 Kd3 52. Kf1
Kd2 53. Ng3 e3 54. Ne2 Bb6 55. Nf4 Bc7 56. Ne2 Be5 57. Ng1 Kd1 58. Ne2 1/2-1/2

[Event "Titled Tue 17th Jun Early"]
[Site "chess.com INT"]
[Date "2025.06.17"]
[Round "9"]
[White "Myagmarsuren, Evsuld"]
[Black "Hungaski, Robert"]
[Result "0-1"]
[WhiteTitle "FM"]
[BlackTitle "GM"]
[WhiteElo "2292"]
[BlackElo "2477"]
[WhiteFideId "1551639"]
[BlackFideId "2021030"]
[EventDate "2025.06.17"]

1. e4 e6 2. d4 d5 3. Nc3 Bb4 4. e5 c5 5. a3 Bxc3+ 6. bxc3 Nc6 7. Qg4 g6 8. Bd3
Qa5 9. Bd2 c4 10. Be2 Bd7 11. a4 h6 12. h4 O-O-O 13. Nf3 Kb8 14. O-O Ka8 15.
Rfb1 Nge7 16. Qf4 Rh7 17. Rb5 Qc7 18. Rb2 Rg8 19. Nh2 g5 20. Qf3 gxh4 21. Ng4
Rhg7 22. Nf6 Rxg2+ 23. Qxg2 Rxg2+ 24. Kxg2 Nf5 25. a5 a6 26. Rbb1 Nce7 27. Rh1
Bb5 28. Bc1 Ng6 29. Bg4 Nge7 30. Ba3 h5 31. Bxh5 Nc6 32. f4 Qd8 33. Kf2 Qh8 34.
Rag1 Qh6 35. Rg8+ Nb8 36. Kf3 b6 37. Bd6 Nxd6 38. exd6 Qxf6 39. Rhg1 Qf5 40.
R1g5 Qe4+ 41. Kg4 h3 42. Kxh3 Qxf4 43. R5g7 Qxd6 44. Rxf7 bxa5 45. Rff8 a4 46.
Bf7 a3 47. Kh4 a2 48. Bxe6 a1=Q 49. Bxd5+ Ka7 50. Rg7+ Kb6 51. Rb7+ Ka5 52.
Rfxb8 Qe1+ 53. Kh5 Qh2+ 54. Kg6 Qeg3+ 55. Kf7 Qh7+ 56. Ke6 Qgg6+ 57. Ke5 Qhh5+
58. Kf4 Qgg4+ 59. Ke3 Qhh3+ 60. Kd2 Qf4+ 61. Kd1 Qhg4+ 62. Ke1 Qg1+ 63. Ke2
Qgf2+ 64. Kd1 Q4d2# 0-1